000 00525nam a22001817a 4500
999 _c169489
_d169489
005 20191122102514.0
010 _aENG-126966
020 _a9788194318026
_c150.00
035 _aEN-110498
037 _bDBAD/PUB
082 _aN
100 _aRanjan, Prabhat
245 _aYogi's thoughts :
_cby Prabhat Ranjan
_bis it your's /
260 _a Delhi
_bOrangebooks Publications
_c2019
270 _aVishvidyalaya Marg, Civil Lines, Delhi NCR
_bNew Delhi
_e110054
300 _axii;57p.
_c19cm(pbk)
942 _2ddc
_cEN
_hN
_mRAN